Stav modernizácie spôsobu vyučovania obchodnej angličtiny

Úroveň vyučovania obchodnej angličtiny na Slovensku. Obchodná angličtina a jej význam spomedzi rôznych druhov odbornej angličtiny v súvislosti s globalizáciou obchodu, firiem a výroby. Stav a možnosti modernizácie v spôsobe vyučovania obchodnej angličtiny.

Salvato in:
Dettagli Bibliografici
Autore principale: Sztuková, Mária
Natura: Capitolo di libro
Lingua:slovacco
inglese
Soggetti:
Tags: Aggiungi Tag
Nessun Tag, puoi essere il primo ad aggiungerne!!

MARC

LEADER 00000nla a2200000 4500
001 0191300
005 20240502073220.5
041 0 |a slo 
041 0 |a eng 
044 |a SK 
245 1 0 |a Stav modernizácie spôsobu vyučovania obchodnej angličtiny  |c Mária Sztuková 
520 |a Úroveň vyučovania obchodnej angličtiny na Slovensku. Obchodná angličtina a jej význam spomedzi rôznych druhov odbornej angličtiny v súvislosti s globalizáciou obchodu, firiem a výroby. Stav a možnosti modernizácie v spôsobe vyučovania obchodnej angličtiny. 
610 2 0 |a vyučovanie 
610 2 0 |a vzdelávanie 
610 2 0 |a predmety učebné 
610 2 0 |a jazyky cudzie 
610 2 0 |a pedagogika 
610 2 0 |a didaktika 
610 2 0 |a angličtina 
610 2 0 |a obchod 
100 1 |a Sztuková, Mária